00806nam a2200205 a 450000100100000000500170001000800410002704000250006808200160009324500870010926000590019630000420025536200100029750000410030765000490034870000350039791000370043295201140046999900170058300004202920201002035908.0130821s1966 xxuabc 001 0 eng d aDO-SdBNPbengcBNPHU aR 031bA51200aThe Americana annual :ban encyclopedia de the events /ceditor George A. Cornish. a[New York ,aChicago] :bAmericana Corporation,c1966. a788 p. :bil., map., retrs. ;c27 cm. a1923- aLa biblioteca posee el año de 1966 4aEnciclopedias y diccionarios ingleses91239912aCornish, George A.eed.968993 aValidado. Control de calidad MFF 001050718MOaGRbGRcHDd2013-11-07iLF1l0oR 031 A512p42029-10r2020-06-25w2020-06-25y1ZNo se presta c41518d41518